Určenie osvetlenosti z plošných kruhových zdrojov s konštatným a štandartne gradovaným jasom : Kand.diz.práca : V.odb. 39-21-9 : Obh. 29.10.1964 : Projekt IX-5.1 /

Salvato in:
Dettagli Bibliografici
Autore principale: Ondrejička, Štefan, Ing (Autore)
Altri autori: Vávra, Ján, 1951- (Relatore della tesi)
Natura: Manoscritto Libro
Pubblicazione: Bratislava : ÚSTARCH SAV, 1963
Soggetti:
Tags: Aggiungi Tag
Nessun Tag, puoi essere il primo ad aggiungerne!!

MARC

LEADER 00000ntm a22000003a 4500
001 stu5579
005 20150617225812.1
008 ------s1963----------------------------d
040 |a STU  |b slo 
041 0
100 1 |a Ondrejička, Štefan, Ing  |4 aut 
245 1 |a Určenie osvetlenosti z plošných kruhových zdrojov s konštatným a štandartne gradovaným jasom :  |b Kand.diz.práca : V.odb. 39-21-9 : Obh. 29.10.1964 : Projekt IX-5.1 /  |c [aut.] Ondrejička,řtefan, Ing.; Škol. Vávra,Ján 
260 |a Bratislava :  |b ÚSTARCH SAV,  |c 1963 
300 |a 133 s 
650 7 |a energetika  |2 stusub 
700 1 |a Vávra, Ján,  |d 1951-  |4 ths  |u V940  |X 537  |U V940  |Y V940  |7 A000000537 
996 |b 284ED00571  |c E*KDIZ-35  |l EE01  |s A  |a 24  |w stu5579_0001